| 000 | 00676 a2200265 4500 | ||
|---|---|---|---|
| 260 | _aParis | ||
| 630 | _a30 - Sciences sociales en general | ||
| 037 | _b1, CIUF | ||
| 650 | _a3 - SCIENCES SOCIALES | ||
| 100 | _aVan Campenhoudt, Luc | ||
| 700 | _aChaumont, Jean-Michel | ||
| 700 | _aFranssen, Abraham | ||
| 260 | _bDunod | ||
| 245 | _aLa méthode d'analyse en groupe : applications aux phénomènes sociaux | ||
| 300 | _a215 p | ||
| 650 | _aMéthode de recherche : Sciences sociales : groupe | ||
| 260 | _c2005 | ||
| 300 | _b24 cm | ||
| 100 | _lFr | ||
| 440 | _aPsycho Sup | ||
| 037 | _a08/344 | ||
| 020 | _a2-10-048361-7 | ||
| 999 |
_c45815 _d45815 |
||